[Event "ISL-chT Kvika 2324"]
[Site "Reykjavik"]
[Date "2023.10.14"]
[Round "4.3"]
[White "Gunnarsson, Jon Viktor"]
[Black "Bjornsson, Sverrir Orn"]
[Result "1-0"]
[WhiteElo "2439"]
[BlackElo "2125"]
[PlyCount "81"]
[EventDate "2023.10.12"]
[EventType "team-tourn"]
[EventRounds "10"]
[EventCountry "ISL"]
[SourceTitle "Mega2024 Update 01"]
[Source "Chessbase"]
[SourceDate "2023.11.12"]
[SourceVersion "1"]
[SourceVersionDate "2023.11.12"]
[SourceQuality "1"]
[WhiteTeam "Vikingaklubburinn"]
[BlackTeam "Taflfelag Vestmannaeyja"]
[WhiteTeamCountry "ISL"]
[BlackTeamCountry "ISL"]

1. b3 e5 2. Bb2 Nc6 3. c4 g6 4. e3 Bg7 5. Nf3 d6 6. d3 Nge7 7. Nc3 0-0 8. g3 Bg4 9. h3 Be6 10. Bg2 Rb8 11. Qd2 h6 12. 0-0 Qd7 13. Kh2 Kh7 14. Rae1 f5 15. d4 e4 16. d5 exf3 17. dxe6 Qxe6 18. Bxf3 Ne5 19. Bg2 Qf7 20. f4 Nd7 21. e4 Nf6 22. exf5 Nxf5 23. g4 Ne7 24. Nb5 Nc6 25. g5 Nh5 26. Bd5 Qd7 27. Be6 Qd8 28. Bxg7 Nxg7 29. gxh6 Nf5 30. Qg2 a6 31. Bxf5 Rxf5 32. Rg1 Qf6 33. Nxc7 Nd4 34. Nd5 Rxd5 35. cxd5 Qxf4+ 36. Kh1 Qf3 37. Qxf3 Nxf3 38. Re7+ Kxh6 39. Rf1 Ne5 40. Re6 Rd8 41. Rff6 1-0

[Event "ISL-chT Kvika 2324"]
[Site "Reykjavik"]
[Date "2023.10.13"]
[Round "2.2"]
[White "Bjornsson, Sverrir Orn"]
[Black "Johannsdottir, Johanna Bjorg"]
[Result "0-1"]
[WhiteElo "2125"]
[BlackElo "1988"]
[PlyCount "108"]
[EventDate "2023.10.12"]
[EventType "team-tourn"]
[EventRounds "10"]
[EventCountry "ISL"]
[SourceTitle "Mega2024 Update 01"]
[Source "Chessbase"]
[SourceDate "2023.11.12"]
[SourceVersion "1"]
[SourceVersionDate "2023.11.12"]
[SourceQuality "1"]
[WhiteTeam "Taflfelag Vestmannaeyja"]
[BlackTeam "Taflfelag Gardjabaejar"]
[WhiteTeamCountry "ISL"]
[BlackTeamCountry "ISL"]

1. d4 Nf6 2. c4 e6 3. Nc3 Bb4 4. e3 d5 5. Nge2 0-0 6. a3 Be7 7. cxd5 exd5 8. Nf4 c6 9. Be2 Re8 10. 0-0 Bf5 11. Bd3 Bxd3 12. Nxd3 Nbd7 13. b3 Bd6 14. g3 Ne4 15. Nxe4 dxe4 16. Nb2 Qg5 17. Nc4 Bc7 18. f4 exf3 19. Qxf3 Qg6 20. Bb2 Nf6 21. Qf5 Ng4 22. Qxg6 hxg6 23. Rfe1 b5 24. Ne5 Nxe5 25. dxe5 Bxe5 26. Bxe5 Rxe5 27. Rac1 c5 28. Rcd1 a5 29. Kf2 a4 30. Rd3 axb3 31. Rxb3 c4 32. Rc3 f5 33. Rd1 Ra7 34. Rd6 g5 35. Rb6 Rd5 36. Kf3 g4+ 37. Ke2 Kf7 38. Rb8 Ra6 39. Rb7+ Kf6 40. Rb8 Kg5 41. Rb7 g6 42. Rb8 Ra7 43. Rb6 Rh7 44. a4 Rxh2+ 45. Ke1 Rhd2 46. Rc1 bxa4 47. Rc6 R2d3 48. R6xc4 Rxe3+ 49. Kf1 Rf3+ 50. Ke2 Re5+ 51. Kd2 Rxg3 52. Rxa4 f4 53. Rc6 Rg2+ 54. Kd1 Rd5+ 0-1

[Event "ISL-chT2 2122"]
[Site "Reykjavik"]
[Date "2021.10.02"]
[Round "2.3"]
[White "Bergthorsson, Jon Thor"]
[Black "Bjornsson, Sverrir Orn"]
[Result "1/2-1/2"]
[WhiteElo "2155"]
[BlackElo "2135"]
[PlyCount "56"]
[EventDate "2021.10.01"]
[EventType "team-tourn"]
[EventRounds "7"]
[EventCountry "ISL"]
[SourceTitle "EXT 2024"]
[Source "ChessBase"]
[SourceDate "2023.10.10"]
[SourceVersion "1"]
[SourceVersionDate "2023.10.10"]
[SourceQuality "1"]
[WhiteTeam "Reykjavik KR"]
[BlackTeam "Vestmannaeyja"]
[WhiteTeamCountry "ISL"]
[BlackTeamCountry "ISL"]

1. d4 Nf6 2. c4 e6 3. Nf3 c5 4. e3 cxd4 5. Nxd4 Be7 6. Nc3 0-0 7. Bd3 Nc6 8. Nxc6 bxc6 9. 0-0 d5 10. b3 Ba6 11. cxd5 Bxd3 12. Qxd3 cxd5 13. Bb2 Rb8 14. Rfd1 Qa5 15. Na4 Rfc8 16. Be5 Ra8 17. h3 Rc6 18. Rac1 Rac8 19. Rxc6 Rxc6 20. f3 h6 21. Bg3 Nd7 22. Bf2 Nc5 23. Qc2 Bd6 24. e4 Rc7 25. Nxc5 Bxc5 26. exd5 exd5 27. Bxc5 Rxc5 28. Qf2 Qc7 1/2-1/2

[Event "Reykjavik Faxaven op"]
[Site "Reykjavik"]
[Date "2018.03.21"]
[Round "1"]
[White "Bjornsson, Sverrir Orn"]
[Black "Hauksson, Bjorgvin Jonas"]
[Result "1/2-1/2"]
[WhiteElo "2135"]
[BlackElo "1704"]
[PlyCount "159"]
[EventDate "2018.03.21"]
[EventType "swiss"]
[EventRounds "7"]
[EventCountry "ISL"]
[SourceTitle "EXT 2019"]
[Source "ChessBase"]
[SourceDate "2018.10.10"]
[SourceVersion "1"]
[SourceVersionDate "2018.10.10"]
[SourceQuality "1"]

1. d4 d5 2. c4 e6 3. Nc3 Nf6 4. cxd5 Nxd5 5. e4 Nxc3 6. bxc3 b6 7. Nf3 Be7 8. Bd3 0-0 9. 0-0 Bb7 10. Qe2 c5 11. Bb2 Nd7 12. Rad1 Qc7 13. Rfe1 cxd4 14. cxd4 Bb4 15. Rf1 Nf6 16. Ne5 Rac8 17. Qe3 Bd6 18. f4 Qe7 19. Nc4 Bb8 20. Ba3 Qd7 21. Bxf8 Rxf8 22. h3 Qa4 23. Ne5 Qxa2 24. Ra1 Qb3 25. Rfb1 Qc3 26. Rc1 Qb2 27. Rab1 Qa3 28. Ra1 Qb2 29. Nc4 Qb4 30. Rab1 Qa4 31. Ne5 Qa3 32. Qe2 g6 33. g3 Qd6 34. Nf3 Nd7 35. d5 exd5 36. e5 Qe7 37. Nd4 Nc5 38. Bb5 Ne4 39. Qe3 a6 40. Bc6 Ba7 41. Bxb7 Qxb7 42. Nc6 Rc8 43. Ne7+ Qxe7 44. Rxc8+ Kg7 45. Ra8 Qb7 46. Rxa7 Qxa7 47. Rxb6 Qa8 48. Kh2 Qc8 49. Rb2 Qc4 50. Rg2 a5 51. Qa3 a4 52. Qe7 d4 53. e6 Qxe6 54. Qxe6 fxe6 55. Ra2 Nc5 56. Kg2 Kf7 57. Rc2 Nb3 58. Kf2 Kf6 59. Rc4 Kf5 60. Rxa4 Ke4 61. Ra6 Nc5 62. Rc6 Kd5 63. Rc7 e5 64. fxe5 Nd3+ 65. Ke2 Nxe5 66. Rxh7 Ke4 67. Re7 Kf5 68. Re8 Ke4 69. Kd2 Kf5 70. Rd8 Ke4 71. g4 Nf3+ 72. Kd1 g5 73. Rf8 Ng1 74. Rf5 Nxh3 75. Kd2 d3 76. Rf8 Ng1 77. Re8+ Kf4 78. Kxd3 Kxg4 79. Ke3 Kg3 80. Rg8 1/2-1/2

[Event "ISL-chT2 1718"]
[Site "Reykjavik"]
[Date "2018.03.02"]
[Round "5.2"]
[White "Magnusson, Patrekur Maron"]
[Black "Bjornsson, Sverrir Orn"]
[Result "1/2-1/2"]
[WhiteElo "2031"]
[BlackElo "2115"]
[PlyCount "89"]
[EventDate "2017.10.20"]
[EventType "team-tourn"]
[EventRounds "7"]
[EventCountry "ISL"]
[SourceTitle "EXT 2019"]
[Source "ChessBase"]
[SourceDate "2018.10.10"]
[SourceVersion "1"]
[SourceVersionDate "2018.10.10"]
[SourceQuality "1"]
[WhiteTeam "Hrokar alls Fagnadar"]
[BlackTeam "Hauka"]
[WhiteTeamCountry "ISL"]
[BlackTeamCountry "ISL"]

1. e4 Nf6 2. Qe2 e5 3. g3 Bc5 4. Bg2 Nc6 5. c3 0-0 6. Nf3 d5 7. d3 dxe4 8. dxe4 Qe7 9. 0-0 a6 10. a4 Re8 11. b4 Bb6 12. Nbd2 Be6 13. Ba3 Qd7 14. Nc4 Bxc4 15. Qxc4 Qe6 16. Qxe6 Rxe6 17. Bh3 Ree8 18. Rfe1 Rad8 19. Bf1 Ng4 20. Ra2 a5 21. b5 Nb8 22. h3 Nf6 23. Bc4 h6 24. Kg2 g6 25. g4 Nh7 26. Ree2 Kg7 27. Rad2 f6 28. Rxd8 Rxd8 29. Rd2 Rxd2 30. Nxd2 Nf8 31. Kf3 Nfd7 32. Nb3 c6 33. bxc6 Nxc6 34. Bd5 Bc7 35. Nc5 Nxc5 36. Bxc5 b6 37. Bxb6 Bxb6 38. Bxc6 Kf7 39. Ke2 Ke7 40. f3 Kd6 41. Bd5 Bg1 42. Kd3 Kc5 43. h4 Bf2 44. h5 gxh5 45. gxh5 1/2-1/2

[Event "ISL-chT2 1617"]
[Site "Reykjavik"]
[Date "2016.10.01"]
[Round "3.1"]
[White "Bjornsson, Sverrir Orn"]
[Black "Halldorsson, Kristjan"]
[Result "1/2-1/2"]
[WhiteElo "2119"]
[BlackElo "1887"]
[PlyCount "43"]
[EventDate "2016.09.30"]
[EventType "team-tourn"]
[EventRounds "7"]
[EventCountry "ISL"]
[SourceTitle "EXT 2018"]
[Source "ChessBase"]
[SourceDate "2017.10.13"]
[SourceVersion "1"]
[SourceVersionDate "2017.10.13"]
[SourceQuality "1"]
[WhiteTeam "Hauka"]
[BlackTeam "Huginn III"]
[WhiteTeamCountry "ISL"]
[BlackTeamCountry "ISL"]

1. e4 c5 2. Nf3 e6 3. d4 cxd4 4. Nxd4 a6 5. Bd3 Qc7 6. Qe2 d6 7. 0-0 Nf6 8. Nc3 Be7 9. Kh1 Nbd7 10. f4 h5 11. Bd2 b5 12. Rae1 Bb7 13. e5 dxe5 14. fxe5 Ng4 15. Bf4 0-0-0 16. Nf5 exf5 17. e6 Bd6 18. exd7+ Kb8 19. Qd2 Bxf4 20. Qxf4 Qxf4 21. Rxf4 g6 22. a4 1/2-1/2

[Event "ISL-chT2 1516"]
[Site "Reykjavik"]
[Date "2016.03.05"]
[Round "6.1"]
[White "Bjornsson, Sverrir Orn"]
[Black "Palmarsson, Erlingur Atli"]
[Result "1-0"]
[WhiteElo "2119"]
[BlackElo "1515"]
[PlyCount "45"]
[EventDate "2015.09.25"]
[EventType "team-tourn"]
[EventRounds "7"]
[EventCountry "ISL"]
[SourceTitle "EXT 2017"]
[Source "ChessBase"]
[SourceDate "2016.10.25"]
[SourceVersion "1"]
[SourceVersionDate "2016.10.25"]
[SourceQuality "1"]
[WhiteTeam "Haukar"]
[BlackTeam "Selfoss"]
[WhiteTeamCountry "ISL"]
[BlackTeamCountry "ISL"]

1. d4 Nf6 2. c4 g6 3. Nc3 Bg7 4. e4 d6 5. Nf3 Nbd7 6. h3 c5 7. d5 0-0 8. Bd3 Nb6 9. 0-0 e6 10. Bg5 exd5 11. exd5 Qc7 12. Nb5 Qd7 13. Re1 a6 14. Nc3 Re8 15. Qd2 Na4 16. Rxe8+ Nxe8 17. Nxa4 Qxa4 18. b3 Qd7 19. Re1 b5 20. Re7 Qd8 21. Ra7 Qxg5 22. Qxg5 Rxa7 23. Qd8 1-0

[Event "ISL-chT2 1415"]
[Site "Reykjavik"]
[Date "2015.03.21"]
[Round "6.1"]
[White "Bjornsson, Sverrir Orn"]
[Black "Sigurdsson, Johann Helgi"]
[Result "1-0"]
[WhiteElo "2104"]
[BlackElo "2013"]
[PlyCount "79"]
[EventDate "2014.10.03"]
[EventType "team-tourn"]
[EventRounds "7"]
[EventCountry "ISL"]
[SourceTitle "EXT 2016"]
[Source "ChessBase"]
[SourceDate "2015.10.08"]
[SourceVersion "1"]
[SourceVersionDate "2015.10.08"]
[SourceQuality "1"]
[WhiteTeam "Haukar"]
[BlackTeam "Gardabaer"]
[WhiteTeamCountry "ISL"]
[BlackTeamCountry "ISL"]

1. d4 d5 2. c4 Nc6 3. Nc3 Nf6 4. Nf3 dxc4 5. e3 Bg4 6. Bxc4 e6 7. h3 Bh5 8. a3 a5 9. g4 Bg6 10. Bf1 Be7 11. Bg2 Qd7 12. Qe2 0-0 13. 0-0 Ne4 14. Rd1 Bf6 15. Nxe4 Bxe4 16. Ne5 Qd5 17. f3 Bg6 18. Nxg6 hxg6 19. f4 Qd6 20. g5 Be7 21. Bd2 Ra6 22. Rac1 Rfa8 23. h4 Rb6 24. Bc3 Bf8 25. d5 exd5 26. Bxd5 Qe7 27. e4 Qe8 28. h5 gxh5 29. g6 Ne5 30. Bxe5 Rxg6+ 31. Kf1 c6 32. Ba2 Rg4 33. Rd3 Rd8 34. Rh3 Qd7 35. Rxh5 Rg3 36. Rf5 Rh3 37. Bxf7+ Qxf7 38. Rxf7 Rh1+ 39. Kg2 Rxc1 40. Rxb7 1-0

[Event "ISL-chT2 1415"]
[Site "Reykjavik"]
[Date "2015.03.20"]
[Round "5.4"]
[White "Bjornsson, Sverrir Orn"]
[Black "Maack, Kjartan"]
[Result "1/2-1/2"]
[WhiteElo "2104"]
[BlackElo "2131"]
[PlyCount "26"]
[EventDate "2014.10.03"]
[EventType "team-tourn"]
[EventRounds "7"]
[EventCountry "ISL"]
[SourceTitle "EXT 2016"]
[Source "ChessBase"]
[SourceDate "2015.10.08"]
[SourceVersion "1"]
[SourceVersionDate "2015.10.08"]
[SourceQuality "1"]
[WhiteTeam "Haukar"]
[BlackTeam "Reykjavik TR II"]
[WhiteTeamCountry "ISL"]
[BlackTeamCountry "ISL"]

1. d4 e6 2. c4 f5 3. g3 Nf6 4. Bg2 c6 5. Nf3 d5 6. 0-0 Bd6 7. Qc2 0-0 8. Ne5 Nbd7 9. Nd3 Qe7 10. Nd2 b6 11. Nf3 Bb7 12. Bf4 Bxf4 13. gxf4 Rac8 1/2-1/2

[Event "Reykjavik op"]
[Site "Reykjavik"]
[Date "2014.03.04"]
[Round "1"]
[White "Bjornsson, Sverrir Orn"]
[Black "Kravchuk, Mykhaylo"]
[Result "1-0"]
[WhiteElo "2126"]
[BlackElo "1470"]
[PlyCount "109"]
[EventDate "2014.03.04"]
[EventType "swiss"]
[EventRounds "10"]
[EventCountry "ISL"]
[SourceTitle "CBM 159 Extra"]
[Source "ChessBase"]
[SourceDate "2014.04.24"]
[SourceVersion "1"]
[SourceVersionDate "2014.04.24"]
[SourceQuality "1"]

1. d4 Nf6 2. c4 g6 3. Nc3 Bg7 4. e4 d6 5. h3 0-0 6. Nf3 b6 7. Bg5 c5 8. d5 Nbd7 9. Bd3 Bb7 10. 0-0 a6 11. a3 Qc7 12. Re1 Rad8 13. Qc2 Rfe8 14. Rab1 Ne5 15. Nxe5 dxe5 16. b4 Nd7 17. Na4 f6 18. Be3 e6 19. bxc5 bxc5 20. Rb2 Bf8 21. Reb1 Rb8 22. Nc3 Bd6 23. dxe6 Rxe6 24. Nd5 Qc6 25. Nb6 f5 26. f3 f4 27. Bd2 Nf6 28. Nd5 Nd7 29. Rb3 Ba8 30. Ba5 Ree8 31. Rxb8 Rxb8 32. Bc7 Rxb1+ 33. Qxb1 Kf7 34. Bd8 Qb7 35. Nc3 Be7 36. Qxb7 Bxb7 37. Bc7 Bc6 38. Bc2 Bh4 39. Kf1 Be7 40. Ba4 Bxa4 41. Nxa4 Ke6 42. Ke2 Bd6 43. Bb6 Nxb6 44. Nxb6 Bc7 45. Nd5 Bd8 46. Kd3 Kd6 47. Kc2 a5 48. Kb3 h5 49. Ka4 Kc6 50. Nc3 Bb6 51. Ne2 Bd8 52. Nc1 Bh4 53. Nd3 Bd8 54. Nxe5+ Kb6 55. Nxg6 1-0

[Event "Reykjavik op"]
[Site "Reykjavik"]
[Date "2012.03.12"]
[Round "8"]
[White "Bjornsson, Sverrir Orn"]
[Black "Sigfusson, Sigurdur Dadi"]
[Result "0-1"]
[WhiteElo "2153"]
[BlackElo "2346"]
[PlyCount "54"]
[EventDate "2012.03.06"]
[EventType "swiss"]
[EventRounds "9"]
[EventCountry "ISL"]
[SourceTitle "CBM 147 Extra"]
[Source "ChessBase"]
[SourceDate "2012.04.24"]
[SourceVersion "1"]
[SourceVersionDate "2012.04.24"]
[SourceQuality "1"]

1. e4 c5 2. Nf3 d6 3. d4 cxd4 4. Nxd4 Nf6 5. Nc3 g6 6. g3 Bg7 7. Bg2 0-0 8. h3 a6 9. a4 Qc7 10. 0-0 Nc6 11. Nde2 Nb4 12. Be3 Bd7 13. Qd2 Bc6 14. Nd5 Nbxd5 15. exd5 Bd7 16. a5 Qc8 17. Kh2 Bf5 18. Nd4 Be4 19. Bxe4 Nxe4 20. Qd3 Nc5 21. Qd2 e5 22. dxe6 fxe6 23. Rad1 d5 24. c4 e5 25. Nc2 d4 26. Bh6 Ne4 27. Qe2 Nxf2 0-1

[Event "Reykjavik op"]
[Site "Reykjavik"]
[Date "2012.03.11"]
[Round "6"]
[White "Bjornsson, Sverrir Orn"]
[Black "Vuilleumier, Alexandre"]
[Result "1-0"]
[WhiteElo "2153"]
[BlackElo "2350"]
[PlyCount "73"]
[EventDate "2012.03.06"]
[EventType "swiss"]
[EventRounds "9"]
[EventCountry "ISL"]
[SourceTitle "CBM 147 Extra"]
[Source "ChessBase"]
[SourceDate "2012.04.24"]
[SourceVersion "1"]
[SourceVersionDate "2012.04.24"]
[SourceQuality "1"]

1. d4 Nf6 2. c4 e6 3. Nc3 Bb4 4. Bg5 h6 5. Bh4 c5 6. d5 d6 7. e3 Bxc3+ 8. bxc3 Qe7 9. Nf3 b6 10. Qc2 Bb7 11. Rd1 Nbd7 12. Be2 exd5 13. cxd5 g5 14. Bg3 Ne4 15. c4 Kd8 16. Nd2 Nxg3 17. hxg3 Kc7 18. Bg4 Nf6 19. Bf5 h5 20. a4 h4 21. gxh4 gxh4 22. a5 b5 23. a6 Bxa6 24. Qa2 Bb7 25. Qa5+ Kb8 26. Qxb5 a6 27. Qb2 Ka7 28. Rb1 Rab8 29. Qb6+ Ka8 30. Ke2 Rh5 31. Bc2 Rg5 32. Ra1 Rxg2 33. Rhb1 Rxf2+ 34. Kd3 Re8 35. Rxa6+ Kb8 36. Qa7+ Kc8 37. Rc6+ 1-0

[Event "Reykjavik-ch"]
[Site "Reykjavik"]
[Date "2012.01.27"]
[Round "9"]
[White "Bjornsson, Sverrir Orn"]
[Black "Karlsson, Mikael Johann"]
[Result "0-1"]
[WhiteElo "2140"]
[BlackElo "1867"]
[PlyCount "66"]
[EventDate "2012.01.08"]
[EventType "swiss"]
[EventRounds "9"]
[EventCountry "ISL"]
[SourceTitle "EXT 2014"]
[Source "ChessBase"]
[SourceDate "2013.11.20"]
[SourceVersion "1"]
[SourceVersionDate "2013.11.20"]
[SourceQuality "1"]

1. d4 Nf6 2. c4 e6 3. Nc3 Bb4 4. Bg5 d5 5. e3 0-0 6. Nf3 Nbd7 7. Bd3 b6 8. cxd5 exd5 9. Rc1 Bb7 10. 0-0 Re8 11. h3 a6 12. Qc2 h6 13. Bf4 c5 14. a3 Bxc3 15. bxc3 c4 16. Be2 b5 17. g4 Qe7 18. a4 Ne4 19. Kg2 Nb6 20. axb5 axb5 21. Rb1 Na4 22. Rxb5 Naxc3 23. Rb2 Ra3 24. Ne5 Nxe2 25. Qxe2 c3 26. Rb6 Rea8 27. Rc1 Ba6 28. Nc6 Qe6 29. Qe1 Ra2 30. Bg3 Ng5 31. e4 Re2 32. Rxa6 Qxe4+ 33. Kf1 Rxe1+ 0-1

[Event "Reykjavik-ch"]
[Site "Reykjavik"]
[Date "2012.01.20"]
[Round "6"]
[White "Bjornsson, Sverrir Orn"]
[Black "Kjartansson, Gudmundur"]
[Result "0-1"]
[WhiteElo "2140"]
[BlackElo "2326"]
[PlyCount "62"]
[EventDate "2012.01.08"]
[EventType "swiss"]
[EventRounds "9"]
[EventCountry "ISL"]
[SourceTitle "EXT 2014"]
[Source "ChessBase"]
[SourceDate "2013.11.20"]
[SourceVersion "1"]
[SourceVersionDate "2013.11.20"]
[SourceQuality "1"]

1. d4 Nf6 2. c4 e6 3. Nc3 Bb4 4. Qc2 0-0 5. a3 Bxc3+ 6. Qxc3 b6 7. Bg5 Ba6 8. e3 d6 9. Ne2 Nbd7 10. Qc2 c5 11. Rd1 Qc7 12. Qa4 Bb7 13. Nc3 a6 14. Qc2 Rac8 15. Be2 cxd4 16. Rxd4 e5 17. Rd1 d5 18. cxd5 Nxd5 19. Bg4 Qc6 20. Bxd7 Qxd7 21. Qd2 Rxc3 22. bxc3 Qg4 23. e4 Qxe4+ 24. Be3 Qxg2 25. Rf1 Qxh2 26. c4 Nf4 27. Bxf4 exf4 28. Qd7 Bf3 29. Rd3 Qh5 30. Qe7 Qa5+ 31. Rd2 Qc3 0-1

[Event "Reykjavik-ch"]
[Site "Reykjavik"]
[Date "2012.01.08"]
[Round "1"]
[White "Johannesson, Kristofer Joel"]
[Black "Bjornsson, Sverrir Orn"]
[Result "0-1"]
[WhiteElo "1460"]
[BlackElo "2140"]
[PlyCount "82"]
[EventDate "2012.01.08"]
[EventType "swiss"]
[EventRounds "9"]
[EventCountry "ISL"]
[SourceTitle "EXT 2014"]
[Source "ChessBase"]
[SourceDate "2013.11.20"]
[SourceVersion "1"]
[SourceVersionDate "2013.11.20"]
[SourceQuality "1"]

1. e4 c5 2. Nf3 e6 3. d4 cxd4 4. Nxd4 Nc6 5. Nc3 a6 6. Be3 Nf6 7. Qd2 Bb4 8. Nxc6 bxc6 9. Bd3 d5 10. Bd4 0-0 11. Qg5 h6 12. Bxf6 hxg5 13. Bxd8 Rxd8 14. a3 Bd6 15. h4 gxh4 16. Rxh4 Be7 17. Rh5 g6 18. Rh2 Bf6 19. f4 Bd4 20. exd5 cxd5 21. Kd2 Bd7 22. Rb1 Rdc8 23. Ne2 Bf6 24. g4 a5 25. Rf2 Rcb8 26. c3 a4 27. Nd4 Kf8 28. Ke3 Ke7 29. c4 dxc4 30. Bxc4 Rh8 31. Nf3 Rh3 32. Rh2 Rxh2 33. Nxh2 g5 34. Nf3 gxf4+ 35. Kxf4 Ra5 36. Kg3 Rc5 37. Bd3 Bb5 38. Ne1 Rd5 39. Bxb5 Rxb5 40. Kf4 Bxb2 41. Nd3 Be5+ 0-1

[Event "ISL-chT 1011"]
[Site "Reykjavik"]
[Date "2010.10.10"]
[Round "4.4"]
[White "Bjornsson, Sverrir Orn"]
[Black "Stefansson, Hannes"]
[Result "1-0"]
[WhiteElo "2161"]
[BlackElo "2585"]
[PlyCount "51"]
[EventDate "2010.10.08"]
[EventType "team-tourn"]
[EventRounds "9"]
[EventCountry "ISL"]
[SourceTitle "EXT 2012"]
[Source "ChessBase"]
[SourceDate "2011.11.24"]
[SourceVersion "1"]
[SourceVersionDate "2011.11.24"]
[SourceQuality "1"]
[WhiteTeam "Haukar"]
[BlackTeam "Hellir"]
[WhiteTeamCountry "ISL"]
[BlackTeamCountry "ISL"]

1. d4 Nf6 2. c4 e6 3. Nc3 Bb4 4. Bg5 c5 5. d5 d6 6. e3 h6 7. Bh4 Bxc3+ 8. bxc3 Qe7 9. Nf3 e5 10. Qc2 g5 11. Bg3 Nh5 12. Bd3 Ng7 13. Nd2 f5 14. f3 h5 15. Bf2 Kd8 16. h3 Qf7 17. 0-0-0 Kc7 18. g4 e4 19. fxe4 fxg4 20. Bg3 h4 21. hxg4 Qe7 22. e5 dxe5 23. Ne4 Kd8 24. Qh2 Bxg4 25. Bxe5 Nd7 26. Bd6 1-0

[Event "ISL-chT 1011"]
[Site "Reykjavik"]
[Date "2010.10.08"]
[Round "1.3"]
[White "Bjornsson, Sverrir Orn"]
[Black "Thorhallsson, Gylfi"]
[Result "1-0"]
[WhiteElo "2161"]
[BlackElo "2200"]
[PlyCount "133"]
[EventDate "2010.10.08"]
[EventType "team-tourn"]
[EventRounds "9"]
[EventCountry "ISL"]
[SourceTitle "EXT 2012"]
[Source "ChessBase"]
[SourceDate "2011.11.24"]
[SourceVersion "1"]
[SourceVersionDate "2011.11.24"]
[SourceQuality "1"]
[WhiteTeam "Haukar"]
[BlackTeam "SA"]
[WhiteTeamCountry "ISL"]
[BlackTeamCountry "ISL"]

1. d4 e6 2. c4 f5 3. g3 Nf6 4. Bg2 Be7 5. Nf3 d6 6. 0-0 0-0 7. Nc3 Qe8 8. b4 Qh5 9. b5 a6 10. a4 axb5 11. Nxb5 Na6 12. Ba3 Rf7 13. Rc1 Bd7 14. Ne1 Ne4 15. f3 Nf6 16. Nd3 Rd8 17. Rc2 g5 18. e4 fxe4 19. fxe4 Qxd1 20. Rxd1 Ne8 21. e5 dxe5 22. Nxe5 Bxa3 23. Nxf7 Kxf7 24. Nxa3 Bxa4 25. Rf1+ Ke7 26. Rd2 c6 27. Rb1 Rd7 28. Be4 Nf6 29. Bc2 Bxc2 30. Nxc2 Nc5 31. Rdd1 Nce4 32. Rb3 c5 33. Rbd3 cxd4 34. Rxd4 Rc7 35. Ne3 Nc3 36. Re1 Kf7 37. Ng4 Nxg4 38. Rxg4 h6 39. h4 Rc5 40. Re3 Na4 41. Rb3 b6 42. Rb4 Ra5 43. Rb5 Ra6 44. hxg5 hxg5 45. Rgxg5 Nc3 46. Rb3 Ne4 47. Rgb5 Nd2 48. R3b4 Ra1+ 49. Kg2 Rc1 50. Rxb6 Nxc4 51. Rb7+ Kf6 52. g4 Rc3 53. Rb3 Rc2+ 54. Kg3 Ne5 55. R7b4 Rc5 56. Re4 Ra5 57. Rbe3 Rb5 58. Rf4+ Ke7 59. Rfe4 Kf6 60. g5+ Kf5 61. Rxe5+ Rxe5 62. Rxe5+ Kxe5 63. Kh4 Kd6 64. Kh5 Ke7 65. Kh6 e5 66. g6 e4 67. g7 1-0

[Event "Reykjavik op"]
[Site "Reykjavik"]
[Date "2009.04.01"]
[Round "9"]
[White "Moskow, Eric"]
[Black "Bjornsson, Sverrir Orn"]
[Result "1/2-1/2"]
[WhiteElo "2225"]
[BlackElo "2161"]
[PlyCount "75"]
[EventDate "2009.03.24"]
[EventType "swiss"]
[EventRounds "9"]
[EventCountry "ISL"]
[SourceTitle "CBM 129 Extra"]
[Source "ChessBase"]
[SourceDate "2009.05.05"]
[SourceVersion "2"]
[SourceVersionDate "2009.05.20"]
[SourceQuality "1"]

1. c4 e5 2. g3 c6 3. d4 Bb4+ 4. Bd2 Bxd2+ 5. Qxd2 d6 6. Bg2 Nf6 7. Nc3 0-0 8. Nf3 Qe7 9. 0-0 Re8 10. h3 e4 11. Ne1 Bf5 12. Nc2 h5 13. Ne3 Bg6 14. Rae1 Qc7 15. d5 c5 16. f4 exf3 17. exf3 Nbd7 18. f4 Ne4 19. Nxe4 Bxe4 20. Bxe4 Rxe4 21. Nf5 Rae8 22. Rxe4 Rxe4 23. Re1 Rxe1+ 24. Qxe1 Nf6 25. Kg2 Qd7 26. Ne3 Qe7 27. Nc2 Qxe1 28. Nxe1 Ne4 29. b3 f5 30. Nf3 Kf7 31. Ng5+ Nxg5 32. fxg5 Kg6 33. h4 Kf7 34. Kf3 g6 35. Ke3 Ke7 36. Kd3 Kd7 37. Kc3 Kc7 38. a3 1/2-1/2

[Event "Reykjavik op"]
[Site "Reykjavik"]
[Date "2009.03.28"]
[Round "5"]
[White "Thorfinnsson, Bragi"]
[Black "Bjornsson, Sverrir Orn"]
[Result "1-0"]
[WhiteElo "2383"]
[BlackElo "2161"]
[PlyCount "57"]
[EventDate "2009.03.24"]
[EventType "swiss"]
[EventRounds "9"]
[EventCountry "ISL"]
[SourceTitle "CBM 129 Extra"]
[Source "ChessBase"]
[SourceDate "2009.05.05"]
[SourceVersion "2"]
[SourceVersionDate "2009.05.20"]
[SourceQuality "1"]

1. e4 c5 2. Nf3 Nc6 3. Bb5 d6 4. 0-0 Bd7 5. Re1 a6 6. Bf1 Bg4 7. h3 Bxf3 8. Qxf3 g6 9. c3 Bg7 10. Na3 Nf6 11. Nc2 Nd7 12. Qd1 0-0 13. d4 cxd4 14. cxd4 e5 15. d5 Nd4 16. Nxd4 exd4 17. b3 Rc8 18. Bb2 Qb6 19. Qd2 f5 20. exf5 Rxf5 21. Re7 Ne5 22. Rxg7+ Kxg7 23. Bxd4 Qd8 24. f4 Qh4 25. fxe5 dxe5 26. Bf2 Qe4 27. Rd1 Qc2 28. Qxc2 Rxc2 29. Bb6 1-0

[Event "Reykjavik op"]
[Site "Reykjavik"]
[Date "2009.03.27"]
[Round "4"]
[White "Bjornsson, Sverrir Orn"]
[Black "Jonsson, Olafur Gisli"]
[Result "1-0"]
[WhiteElo "2161"]
[BlackElo "1913"]
[PlyCount "101"]
[EventDate "2009.03.24"]
[EventType "swiss"]
[EventRounds "9"]
[EventCountry "ISL"]
[SourceTitle "CBM 129 Extra"]
[Source "ChessBase"]
[SourceDate "2009.05.05"]
[SourceVersion "2"]
[SourceVersionDate "2009.05.20"]
[SourceQuality "1"]

1. d4 d5 2. c4 c6 3. Nc3 Nf6 4. e3 Bf5 5. cxd5 cxd5 6. Qb3 Qd7 7. Nf3 e6 8. Bb5 Nc6 9. Ne5 Qc7 10. Qa4 Rc8 11. Qxa7 Bb4 12. Bd2 0-0 13. Bxc6 bxc6 14. Qxc7 Rxc7 15. f3 Rb8 16. g4 Bg6 17. h4 Nd7 18. Nxd7 Rxd7 19. Na4 Ra7 20. b3 Bd3 21. Bxb4 Rxb4 22. Nc5 Ba6 23. Kd2 Kf8 24. a4 Ke7 25. h5 f6 26. Kc3 Rb6 27. Rh2 Bc8 28. Rg1 Kd6 29. g5 f5 30. f4 Ra8 31. h6 g6 32. Ra1 Ke7 33. a5 Rbb8 34. a6 Rb6 35. Ra4 Kd6 36. a7 Kc7 37. Rha2 Rb5 38. Rb4 Rb6 39. Rxb6 Kxb6 40. Kb4 Kc7 41. Nd3 Kb6 42. Ne5 Bb7 43. Nd7+ Kc7 44. Nf6 Kb6 45. Nxh7 Ba6 46. Nf6 Kxa7 47. h7 Rh8 48. Kc5 Kb7 49. Kd6 Bb5 50. Rh2 Bd3 51. Rh6 1-0